Statistics for Countries Closest to Bhutan

Click here to take the quiz!

General Stats

  • This quiz has been taken 1,972 times
  • The average score is 18 of 20

Answer Stats

kmcountrymiles% Correct
0China0
100%
0India0
100%
63Nepal39
98%
1410Pakistan876
97%
43Bangladesh27
96%
297Myanmar185
96%
1074Laos667
95%
1714Afghanistan1065
94%
993Thailand617
94%
1131Vietnam703
94%
1805Cambodia1122
91%
1693Mongolia1052
90%
2108Sri Lanka1310
90%
2369Turkmenistan1472
89%
1703Tajikistan1058
88%
2055Uzbekistan1277
88%
1764Kyrgyzstan1096
85%
1779Kazakhstan1105
84%
2329Russia1447
82%
2357Indonesia1465
74%

Score Distribution

Percentile by Number Answered

Percent of People with Each Score

Your Score History

You have not taken this quiz